000 00389nam a2200121Ia 4500
008 150610s9999 xx 000 0 und d
020 _a0553213393 
050 _aPQ 4315.2
_b.M271 2004
100 _aMandelbaum, Allen 
245 _aInferno : 
_bthe divine comedy of Dante Alighieri. /
_cAllen Mandelbaum .
260 _aNew York :
_bBantam Dell, 
_c1980.
300 _a395pages ;
_c17 cm.
999 _c288113
_d288113